Statistics for NHL Arenas Quiz

Click here to take the quiz!

General Stats

  • This quiz has been taken 944 times
    (220 since last reset)
  • The average score is 20 of 32

Answer Stats

TeamYearArena% Correct
Rangers1968Madison Square Garden
93%
Bruins1995TD Garden
81%
Maple Leafs1999Scotiabank Arena
77%
Flames1983Scotiabank Saddledome
77%
Canadiens1996Bell Centre
75%
Canucks1995Rogers Arena
71%
Oilers2016Rogers Place
71%
Ducks1993Honda Center
70%
Golden Knights2017T-Mobile Arena
67%
Kings1999Crypto.com Arena
66%
Blackhawks1994United Center
66%
Avalanche1999Ball Arena
65%
Coyotes2022Mullett Arena
65%
Kraken2021Climate Pledge Arena
64%
Stars2001American Airlines Center
63%
Red Wings2017Little Caesars Arena
62%
Devils2007Prudential Center
60%
Lightning1996Amalie Arena
59%
Senators1996Canadian Tire Centre
59%
Capitals1997Capital One Arena
59%
Penguins2010PPG Paints Arena
59%
Flyers1996Wells Fargo Center
59%
Predators1996Bridgestone Arena
57%
Sabres1996KeyBank Center
54%
Sharks1993SAP Center at San Jose
54%
Blues1994Enterprise Center
52%
Blue Jackets2000Nationwide Arena
51%
Hurricanes1999PNC Arena
50%
Islanders2021UBS Arena
48%
Wild2000Xcel Energy Center
45%
Jets2004Canada Life Centre
32%
Panthers1998Amerant Bank Arena
25%

Score Distribution

Percentile by Number Answered

Percent of People with Each Score

Your Score History

You have not taken this quiz since the last reset